000 00781nam a2200229Ia 4500
001 1857
003 GE_BSU
008 181216s||||||||xx |||||||||||||| ||und||
020 _a5958401300
040 _cGE_BSU
080 _a347.9.03(075.8)
100 _aМорозова, И.Б;Треушников, А.М;
245 _aИсполительное производство. Учебное-практическое пособие.
245 _bИзд. 4-ое, доп.Московский гос.ун-т им М.В. Лоьоносова
260 _aМщсква
260 _bдательский дом Городец
260 _c2006
300 _a560 с. 21 см.
541 _h20 л.
653 _aИсполительное производство
942 _cBK
999 _c35958
_d35958